000 00415nam a2200181Ia 4500
001 11659
005 20260306162844.0
008 260306t1985||||xx |||||||||||||| ||spa||
041 _aESP
082 _a985.87
_bB24
100 _aBartle, Jim
_eAUT
245 0 _aParque nacional Huascarán
260 _c1985
300 _a40 páginas :
_c22 cm.
650 _aGEN
654 _aCHU
942 _cLIB
_dJUS
_fJUS
_2ddc
_n
999 _c11659
_d11659